Artists That Have Worked with Hopsin - Statistics

General Stats
  • This quiz has been taken 7 times
  • The average score is 5 of 35
Answer Stats
Artist % Correct
NF
86%
Tech N9ne
57%
Dax
43%
Bizarre
29%
B.o.B.
29%
Corey Taylor
29%
Dizzy Wright
29%
Jarren Benton
29%
Merkules
29%
Royce Da 5'9
29%
SwizZz
29%
Futuristic
14%
Joey Tee
14%
King Gordy
14%
Lazarus
14%
Passionate MC
14%
Paul Wall
14%
Travis Barker
14%
Yelawolf
14%
Adriana Aslani
0%
Cryptic Wisdom
0%
Eric Tucker
0%
Forever M.C.
0%
Great Daeg
0%
Hash Brown
0%
King Los
0%
Kung Fu Vampire
0%
Locksmith
0%
Matt Black
0%
Meredith Bull
0%
Michael Speaks
0%
Mo Skee
0%
North Side Ninjaz
0%
The Boy Illinois
0%
The Future Kingz
0%
No matching quizzes found
Score Distribution
Percent of People with Each Score
Percentile by Number Answered
Your Score History
You have not taken this quiz